[Event "Wch Seniors 08th"]
[Site "Grieskirchen"]
[Date "1998.11.11"]
[Round "3"]
[White "Porubszki, Georg"]
[Black "Kinzlinger, Georg"]
[Result "1/2-1/2"]
[WhiteElo "1847"]
[BlackElo "1767"]
[PlyCount "125"]
[EventDate "1998.11.08"]
[EventType "swiss"]
[EventRounds "11"]
[EventCountry "AUT"]
[SourceTitle "CBM 067 Extra"]
[Source "ChessBase"]
[SourceDate "1999.01.01"]
[SourceVersion "1"]
[SourceVersionDate "1999.01.01"]
[SourceQuality "1"]

1. Nf3 Nf6 2. g3 g6 3. Bg2 Bg7 4. c4 c5 5. Nc3 Nc6 6. 0-0 0-0 7. d4 cxd4 8. Nxd4 Nxd4 9. Qxd4 d6 10. Qh4 Rb8 11. Bh6 Bxh6 12. Qxh6 Be6 13. b3 Qa5 14. Rac1 a6 15. Rfd1 Qh5 16. Qxh5 Nxh5 17. a4 Nf6 18. Bd5 Bxd5 19. Nxd5 Nxd5 20. Rxd5 Rfc8 21. Rcd1 Kf8 22. e4 Ke8 23. f4 Rc5 24. Kf2 Rxd5 25. Rxd5 Kd7 26. e5 Kc6 27. exd6 exd6 28. Ke3 Re8+ 29. Kd2 Re6 30. b4 Re4 31. b5+ axb5 32. axb5+ Kc7 33. Kc3 Re3+ 34. Rd3 Re4 35. Rd4 Re3+ 36. Kd2 Re7 37. g4 f5 38. gxf5 gxf5 39. Rd5 Re4 40. c5 Rxf4 41. Rxd6 Rc4 42. b6+ Kc8 43. Rd5 f4 44. Rf5 Kd7 45. Kd3 Ra4 46. Rf7+ Kc6 47. Rxh7 Kxc5 48. Rxb7 Ra3+ 49. Ke4 Rh3 50. Rc7+ Kxb6 51. Rc2 f3 52. Kf4 Kb5 53. Kg4 f2 54. Rxf2 Rh8 55. Rf5+ Kc6 56. h4 Kd6 57. h5 Ke6 58. Rf2 Ra8 59. Kh4 Ke7 60. h6 Rf8 61. Re2+ Kf7 62. Rg2 Rg8 63. Rf2+ 1/2-1/2

[Event "Schwarzach op-B"]
[Site "Schwarzach"]
[Date "1998.08.30"]
[Round "9"]
[White "Loeb, Walter"]
[Black "Kinzlinger, Georg"]
[Result "1/2-1/2"]
[WhiteElo "1693"]
[BlackElo "1769"]
[PlyCount "70"]
[EventDate "1998.08.30"]
[EventType "swiss"]
[EventRounds "9"]
[EventCountry "AUT"]
[SourceTitle "EXT 2000"]
[Source "ChessBase"]
[SourceDate "1999.11.16"]
[SourceVersion "1"]
[SourceVersionDate "1999.11.16"]
[SourceQuality "1"]

1. e4 d5 2. Nc3 d4 3. Nce2 c5 4. d3 e5 5. f4 Nc6 6. Nf3 Bd6 7. f5 Nf6 8. h3 h6 9. g4 b5 10. Rg1 Nh7 11. h4 f6 12. Ng3 Bd7 13. Nh5 Qe7 14. a4 b4 15. g5 hxg5 16. hxg5 fxg5 17. Bxg5 Nxg5 18. Rxg5 0-0-0 19. Qe2 Rdg8 20. 0-0-0 Be8 21. Ng3 g6 22. fxg6 Rxg6 23. Nf5 Qf6 24. Qg2 Be7 25. Nxe7+ Nxe7 26. Rxg6 Nxg6 27. Qg3 Nf4 28. Qg4+ Bd7 29. Qg5 Qxg5 30. Nxg5 Bxa4 31. Nf7 Rh5 32. Rd2 Kd7 33. b3 Bb5 34. Rf2 Ke6 35. Nd8+ Kd7 1/2-1/2

[Event "Schwarzach op-B"]
[Site "Schwarzach"]
[Date "1997.08.26"]
[Round "4.7"]
[White "Stadlober, Gerold"]
[Black "Kinzlinger, Georg"]
[Result "1/2-1/2"]
[WhiteElo "1829"]
[BlackElo "1720"]
[PlyCount "34"]
[EventDate "1997.08.23"]
[EventType "swiss"]
[EventRounds "9"]
[EventCountry "AUT"]
[SourceTitle "EXT 1999"]
[Source "ChessBase"]
[SourceDate "1998.11.16"]
[SourceVersion "1"]
[SourceVersionDate "1998.11.16"]
[SourceQuality "1"]

1. e4 d5 2. exd5 Qxd5 3. Nc3 Qa5 4. Bc4 Nf6 5. d3 Bg4 6. Nf3 Nbd7 7. h3 Qh5 8. Bf4 e5 9. Bg3 Bb4 10. Qe2 Bxf3 11. gxf3 0-0 12. 0-0-0 Bxc3 13. bxc3 c6 14. Rhe1 Rfe8 15. Kb2 b5 16. Bb3 a5 17. a3 Kf8 1/2-1/2

[Event "Schwarzach op-B"]
[Site "Schwarzach"]
[Date "1997.08.25"]
[Round "3.6"]
[White "Kinzlinger, Georg"]
[Black "Saugspier, Mario"]
[Result "1/2-1/2"]
[WhiteElo "1720"]
[BlackElo "1713"]
[PlyCount "27"]
[EventDate "1997.08.23"]
[EventType "swiss"]
[EventRounds "9"]
[EventCountry "AUT"]
[SourceTitle "EXT 1999"]
[Source "ChessBase"]
[SourceDate "1998.11.16"]
[SourceVersion "1"]
[SourceVersionDate "1998.11.16"]
[SourceQuality "1"]

1. e4 c6 2. Nc3 d5 3. Nf3 dxe4 4. Nxe4 Bf5 5. Ng3 Bg6 6. Bc4 e6 7. d4 Nd7 8. Bd3 Bxd3 9. Qxd3 Ngf6 10. 0-0 Bd6 11. Re1 Qc7 12. Nf5 0-0 13. Nxd6 Qxd6 14. Bg5 1/2-1/2

[Event "Casino op 3rd"]
[Site "Velden"]
[Date "1995.??.??"]
[Round "5"]
[White "Flueckiger, Juergen"]
[Black "Kinzlinger, Georg"]
[Result "1/2-1/2"]
[WhiteElo "1771"]
[BlackElo "1765"]
[PlyCount "50"]
[EventDate "1995.06.30"]
[EventType "swiss"]
[EventRounds "9"]
[EventCountry "AUT"]
[SourceTitle "EXT 2022"]
[Source "ChessBase"]
[SourceDate "2021.10.06"]
[SourceVersion "1"]
[SourceVersionDate "2021.10.06"]
[SourceQuality "1"]

1. c4 f5 2. Nf3 Nf6 3. b3 e6 4. Bb2 Be7 5. g3 0-0 6. Bg2 c6 7. 0-0 d5 8. d3 Qe8 9. Nbd2 Bd6 10. d4 Ne4 11. Ne5 Nxd2 12. Qxd2 Nd7 13. Rac1 Rf6 14. c5 Bc7 15. e3 Rh6 16. Qe2 Qe7 17. Nxd7 Bxd7 18. b4 g5 19. f4 g4 20. a4 a6 21. Ra1 Rg6 22. Rfb1 Rf8 23. Bc3 h5 24. Qd2 h4 25. Kf2 Rh6 1/2-1/2

[Event "Casino op 3rd"]
[Site "Velden"]
[Date "1995.??.??"]
[Round "8"]
[White "Kinzlinger, Georg"]
[Black "Runge, Hans"]
[Result "1/2-1/2"]
[WhiteElo "1765"]
[BlackElo "1846"]
[PlyCount "43"]
[EventDate "1995.06.30"]
[EventType "swiss"]
[EventRounds "9"]
[EventCountry "AUT"]
[SourceTitle "EXT 2022"]
[Source "ChessBase"]
[SourceDate "2021.10.06"]
[SourceVersion "1"]
[SourceVersionDate "2021.10.06"]
[SourceQuality "1"]

1. e4 Nf6 2. e5 Nd5 3. c4 Nb6 4. d4 d6 5. exd6 exd6 6. Nf3 Bg4 7. Be2 Nc6 8. b3 Be7 9. Bb2 Bf6 10. 0-0 0-0 11. Na3 Re8 12. Nc2 a5 13. Ne3 Bh5 14. Rc1 a4 15. Bc3 axb3 16. axb3 Ra2 17. Re1 Re4 18. d5 Bxc3 19. Rxc3 Bxf3 20. Bxf3 Rd4 21. Qb1 Nb4 22. Nc2 1/2-1/2

[Event "Casino op 3rd"]
[Site "Velden"]
[Date "1995.??.??"]
[Round "6"]
[White "Kinzlinger, Georg"]
[Black "Saler Grafenberger, Elisabeth"]
[Result "1/2-1/2"]
[WhiteElo "1765"]
[BlackElo "1808"]
[PlyCount "83"]
[EventDate "1995.06.30"]
[EventType "swiss"]
[EventRounds "9"]
[EventCountry "AUT"]
[SourceTitle "EXT 2022"]
[Source "ChessBase"]
[SourceDate "2021.10.06"]
[SourceVersion "1"]
[SourceVersionDate "2021.10.06"]
[SourceQuality "1"]

1. e4 e6 2. d4 d5 3. e5 c5 4. Nf3 Nc6 5. c3 Qb6 6. a3 Bd7 7. b4 c4 8. Be2 Nge7 9. a4 a6 10. Na3 Ng6 11. h4 Be7 12. Rh3 Qd8 13. h5 Nh4 14. Nxh4 Bxh4 15. Be3 f5 16. Qd2 h6 17. g3 Bg5 18. f4 Be7 19. Qc2 Qb6 20. Kf2 Na7 21. Nb1 Qc6 22. Nd2 b5 23. a5 0-0-0 24. Rah1 Rdg8 25. Nf1 Kb7 26. Qd1 Qc7 27. Ke1 Nc6 28. Bd2 Nxd4 29. g4 Nxe2 30. Qxe2 Qc6 31. Be3 Be8 32. gxf5 exf5 33. Bd4 Qe6 34. Nd2 Bc6 35. Nf1 g5 36. hxg6 Rxg6 37. Ne3 Rhg8 38. Qh5 Bd7 39. Qf3 Bc6 40. Rh5 Rf8 41. Qh3 Rf7 42. Rxh6 1/2-1/2

[Event "Casino op 3rd"]
[Site "Velden"]
[Date "1995.??.??"]
[Round "1"]
[White "Waldmann, Gerald"]
[Black "Kinzlinger, Georg"]
[Result "1-0"]
[WhiteElo "2265"]
[BlackElo "1765"]
[PlyCount "83"]
[EventDate "1995.06.30"]
[EventType "swiss"]
[EventRounds "9"]
[EventCountry "AUT"]
[SourceTitle "EXT 2022"]
[Source "ChessBase"]
[SourceDate "2021.10.06"]
[SourceVersion "1"]
[SourceVersionDate "2021.10.06"]
[SourceQuality "1"]

1. e4 d5 2. exd5 Qxd5 3. d4 Nf6 4. c4 Qa5+ 5. Nc3 c6 6. Nf3 Bg4 7. Be2 e6 8. 0-0 Be7 9. Ne5 Bxe2 10. Qxe2 Nbd7 11. Nxd7 Nxd7 12. d5 e5 13. Rd1 f5 14. dxc6 bxc6 15. Qd3 0-0-0 16. Qxf5 Qc7 17. Be3 g6 18. Qc2 Bc5 19. Rxd7 Rxd7 20. Bxc5 Rhd8 21. Be3 Rd3 22. g3 Qd7 23. Qa4 Kb8 24. Qb4+ Ka8 25. Qc5 Rb8 26. Qxe5 Rxb2 27. Re1 Rb8 28. Bf4 Rc8 29. Rb1 Qd8 30. Kg2 h5 31. h4 Rd4 32. Ne4 Rd7 33. Nc5 Re7 34. Qf6 Qe8 35. Na6 Qd7 36. Kh2 Rf7 37. Qe5 Qd8 38. Kg2 Rb7 39. Rxb7 Kxb7 40. Nc5+ Ka8 41. Ne6 Qe8 42. Nc7+ 1-0